[Event "LI Torneo B di Capodanno"]
[Site "Reggio nell'Emilia ITA"]
[Date "2008.12.28"]
[Round "2"]
[White "Galyas, Miklos"]
[Black "Gunnarsson, Jon Viktor"]
[Result "1/2-1/2"]
[WhiteElo "2454"]
[BlackElo "2430"]
[PlyCount "51"]
[EventDate "2008.12.27"]

1. d4 Nf6 2. c4 c5 3. d5 b5 4. Bg5 Ne4 5. Bf4 Qa5+ 6. Nd2 bxc4 7. Qc2 Nf6 8. e4
Ba6 9. Ne2 d6 10. Nc3 Nbd7 11. Nxc4 Bxc4 12. Bxc4 g6 13. O-O Bg7 14. Bd2 O-O
15. Ne2 Qc7 16. Bc3 Rab8 17. Ng3 Nb6 18. Be2 c4 19. a4 Nbd7 20. h4 Nc5 21. h5
Rfc8 22. hxg6 hxg6 23. Rfe1 Nd3 24. Bxd3 cxd3 25. Qxd3 Ng4 26. Rec1 1/2-1/2

[Event "LI Torneo B di Capodanno"]
[Site "Reggio nell'Emilia ITA"]
[Date "2008.12.28"]
[Round "2"]
[White "Kovacevic, Blazimir"]
[Black "Pomaro, Alberto"]
[Result "1/2-1/2"]
[WhiteElo "2472"]
[BlackElo "2254"]
[PlyCount "42"]
[EventDate "2008.12.27"]

1. g3 Nf6 2. Bg2 e5 3. c4 d5 4. cxd5 Nxd5 5. Nc3 Be6 6. Nf3 Nc6 7. d4 Bb4 8.
Bd2 exd4 9. Nxd5 Bxd2+ 10. Qxd2 Bxd5 11. O-O O-O 12. Rfd1 Re8 13. b4 a6 14.
Nxd4 Bxg2 15. Kxg2 Nxd4 16. Qxd4 Qxd4 17. Rxd4 Rxe2 18. Rd7 Rc8 19. Rc1 g6 20.
Rcxc7 Rxc7 21. Rxc7 Rxa2 1/2-1/2

[Event "LI Torneo B di Capodanno"]
[Site "Reggio nell'Emilia ITA"]
[Date "2008.12.28"]
[Round "2"]
[White "Rombaldoni, Axel"]
[Black "Barillaro, Luca"]
[Result "1-0"]
[WhiteElo "2334"]
[BlackElo "2202"]
[PlyCount "53"]
[EventDate "2008.12.27"]

1. e4 c5 2. Nf3 Nc6 3. d4 cxd4 4. Nxd4 g6 5. Nc3 Bg7 6. Nb3 Nf6 7. Be2 O-O 8.
O-O a5 9. Nc5 d6 10. N5a4 Bd7 11. Be3 Ne5 12. Nb6 Rb8 13. Nxd7 Nexd7 14. a4 b6
15. f3 Nc5 16. Bb5 Qc7 17. Rf2 Qb7 18. Rd2 Rbc8 19. Qe2 Rcd8 20. Rad1 Qc7 21.
g4 h6 22. Qf2 g5 23. h4 Nxg4 24. fxg4 Bxc3 25. bxc3 Nxe4 26. Qf5 Nxd2 27. Bd3
1-0

[Event "LI Torneo B di Capodanno"]
[Site "Reggio nell'Emilia ITA"]
[Date "2008.12.28"]
[Round "2"]
[White "Thorfinnsson, Bjorn"]
[Black "Lucaroni, Massimiliano"]
[Result "1-0"]
[WhiteElo "2399"]
[BlackElo "2320"]
[PlyCount "107"]
[EventDate "2008.12.27"]

1. d4 d5 2. c4 e6 3. Nc3 c5 4. cxd5 exd5 5. Nf3 Nc6 6. g3 Nf6 7. Bg2 Be7 8. O-O
O-O 9. Bg5 cxd4 10. Nxd4 h6 11. Be3 Bg4 12. h3 Be6 13. Kh2 Qd7 14. f4 Rfe8 15.
Bg1 Rad8 16. Rc1 Bc5 17. Ncb5 Bxd4 18. Nxd4 Bf5 19. Nxc6 bxc6 20. Bd4 Be4 21.
Bxf6 Bxg2 22. Kxg2 gxf6 23. Rf3 Re4 24. Rc2 Rde8 25. Rfc3 Qe6 26. Rxc6 Rxe2+
27. Rxe2 Qxe2+ 28. Qxe2 Rxe2+ 29. Kf3 Rxb2 30. Rxf6 Rxa2 31. Rxh6 f5 32. h4 Kg7
33. Rd6 Ra3+ 34. Kg2 Rd3 35. Ra6 d4 36. Rxa7+ Kg6 37. Ra6+ Kg7 38. h5 Rd1 39.
h6+ Kh7 40. Rf6 d3 41. Rxf5 Kxh6 42. Rd5 d2 43. Kf2 Kh7 44. g4 Kh6 45. Ke2 Rg1
46. Rh5+ Kg6 47. Rg5+ Kf6 48. Kxd2 Ra1 49. Rf5+ Kg6 50. Re5 Rg1 51. Rg5+ Kf6
52. Ke2 Ra1 53. Rf5+ Kg6 54. Re5 1-0

[Event "LI Torneo B di Capodanno"]
[Site "Reggio nell'Emilia ITA"]
[Date "2008.12.29"]
[Round "3"]
[White "Barillaro, Luca"]
[Black "Kovacevic, Blazimir"]
[Result "0-1"]
[WhiteElo "2202"]
[BlackElo "2472"]
[PlyCount "54"]
[EventDate "2008.12.27"]

1. d4 e6 2. Nf3 c5 3. c3 Nf6 4. Bg5 b6 5. e3 Bb7 6. Nbd2 Be7 7. Bd3 cxd4 8.
cxd4 Nd5 9. Bxe7 Qxe7 10. a3 O-O 11. O-O f5 12. Nc4 Nc6 13. Rc1 Nd8 14. Re1 Nf6
15. Ncd2 Nf7 16. e4 fxe4 17. Nxe4 Nd6 18. Nc3 Nh5 19. Ne5 Qh4 20. f3 Qxd4+ 21.
Kh1 Qh4 22. Bxh7+ Kxh7 23. Qxd6 Rf6 24. Qd3+ Kg8 25. Qxd7 Rb8 26. Qc7 Ng3+ 27.
Kg1 Qd4+ 0-1

[Event "LI Torneo B di Capodanno"]
[Site "Reggio nell'Emilia ITA"]
[Date "2008.12.29"]
[Round "3"]
[White "Corvi, Marco"]
[Black "Rombaldoni, Axel"]
[Result "0-1"]
[WhiteElo "2343"]
[BlackElo "2334"]
[PlyCount "106"]
[EventDate "2008.12.27"]

1. e4 c5 2. Nf3 Nc6 3. Bb5 e6 4. O-O Nge7 5. Re1 a6 6. Bf1 d5 7. exd5 Qxd5 8.
Nc3 Qd8 9. b3 Nf5 10. Bd3 Be7 11. Bb2 O-O 12. Ne4 Nfd4 13. Nxd4 cxd4 14. Ng3
Nb4 15. Bf1 d3 16. Bxd3 Nxd3 17. cxd3 Qxd3 18. Re3 Qd8 19. Nh5 f6 20. Rg3 Rf7
21. Qe2 a5 22. Rc1 a4 23. b4 Bd7 24. a3 Ra6 25. Rc4 Bb5 26. Nxg7 Rxg7 27. Rxg7+
Kxg7 28. Rg4+ Kf8 29. Qe3 e5 30. Qh6+ Kf7 31. Qxh7+ Ke6 32. Qh3 Qd3 33. Rg3+
Qf5 34. Qxf5+ Kxf5 35. h4 Ra8 36. Rg7 Ke6 37. d4 exd4 38. Bxd4 Rh8 39. g3 Rd8
40. Bc5 Rd1+ 41. Kh2 Bxc5 42. bxc5 Bc6 43. g4 Rh1+ 44. Kg3 Ra1 45. g5 Rxa3+ 46.
Kg4 fxg5 47. hxg5 Ra1 48. f4 Rg1+ 49. Kh5 Bf3+ 50. Kg6 Be4+ 51. Kh5 Rh1+ 52.
Kg4 Rg1+ 53. Kh5 a3 0-1

[Event "LI Torneo B di Capodanno"]
[Site "Reggio nell'Emilia ITA"]
[Date "2008.12.29"]
[Round "3"]
[White "Gunnarsson, Jon Viktor"]
[Black "Cocchi, Andrea"]
[Result "0-1"]
[WhiteElo "2430"]
[BlackElo "2305"]
[PlyCount "72"]
[EventDate "2008.12.27"]

1. e4 c6 2. d4 d5 3. Nc3 dxe4 4. Nxe4 Nf6 5. Nxf6+ exf6 6. c3 Be6 7. Bd3 Bd6 8.
Ne2 Qc7 9. h3 O-O 10. O-O Nd7 11. c4 Rfe8 12. Be3 Rad8 13. Rc1 Qb8 14. Qd2 Nf8
15. b4 Ng6 16. a4 Qc8 17. f4 Bf5 18. Bxf5 Qxf5 19. Ng3 Qe6 20. Rfe1 Qd7 21. Nh5
Re4 22. Bf2 Rde8 23. Rxe4 Rxe4 24. Qd3 Qf5 25. Qf3 Nxf4 26. Kh1 Qg6 27. Ng3 Re8
28. Rd1 Qc2 29. Rg1 Qxc4 30. Nf5 Bb8 31. Qg4 g6 32. Bh4 Re6 33. Bg3 h5 34. Qf3
Qe2 35. Bxf4 Qxf3 36. Nh6+ Kf8 0-1

[Event "LI Torneo B di Capodanno"]
[Site "Reggio nell'Emilia ITA"]
[Date "2008.12.29"]
[Round "3"]
[White "Lucaroni, Massimiliano"]
[Black "Galyas, Miklos"]
[Result "0-1"]
[WhiteElo "2320"]
[BlackElo "2454"]
[PlyCount "142"]
[EventDate "2008.12.27"]

1. e4 e6 2. d4 d5 3. Nc3 Nc6 4. Nf3 Nf6 5. Bd3 Nb4 6. Bg5 Nxd3+ 7. Qxd3 dxe4 8.
Nxe4 Be7 9. Bxf6 Bxf6 10. O-O-O Be7 11. h4 b6 12. c4 Bb7 13. d5 exd5 14. cxd5
Qd7 15. Ne5 Qa4 16. Kb1 O-O-O 17. Nxf7 Rxd5 18. Qh3+ Qd7 19. Rxd5 Bxd5 20. Nxh8
Bxe4+ 21. Ka1 Bf6 22. Qxd7+ Kxd7 23. f3 Bd5 24. Rd1 c6 25. Nf7 Bxh4 26. Ne5+
Kc7 27. Nd3 Bf6 28. Nf4 Bf7 29. Kb1 a5 30. b3 b5 31. Kc2 a4 32. Nd3 axb3+ 33.
axb3 Bg6 34. b4 Be7 35. Kc3 Bf6+ 36. Kd2 Kd6 37. Ke3 Kd5 38. Rc1 Bd4+ 39. Kd2
Bf7 40. Nf4+ Kd6 41. Kd3 Bb6 42. Rh1 Ke5 43. Ne2 h6 44. Nc3 Bg6+ 45. Kd2 Bd8
46. Ne4 Be7 47. Kc3 Kf4 48. Re1 h5 49. g3+ Kf5 50. Ra1 Ke6 51. Nc5+ Kf5 52. Ra6
Be8 53. Kd3 g5 54. Ra7 Bd6 55. Ra8 Bf7 56. Rd8 Bc4+ 57. Kd4 Be5+ 58. Ke3 Bxg3
59. Ne4 Bf4+ 60. Kf2 h4 61. Nd6+ Ke5 62. Ne4 Bd5 63. Nc3 Kd4 64. Ne2+ Kc4 65.
Nxf4 gxf4 66. Rf8 Kxb4 67. Rxf4+ Kc3 68. Rxh4 b4 69. Rh1 b3 70. Ke3 b2 71. Rb1
c5 0-1

[Event "LI Torneo B di Capodanno"]
[Site "Reggio nell'Emilia ITA"]
[Date "2008.12.29"]
[Round "3"]
[White "Pomaro, Alberto"]
[Black "Thorfinnsson, Bjorn"]
[Result "0-1"]
[WhiteElo "2254"]
[BlackElo "2399"]
[PlyCount "62"]
[EventDate "2008.12.27"]

1. e4 e5 2. Nf3 Nc6 3. Bb5 a6 4. Ba4 Nf6 5. O-O Be7 6. Re1 b5 7. Bb3 d6 8. c3
O-O 9. h3 Na5 10. Bc2 d5 11. d4 Nxe4 12. dxe5 Bb7 13. Nbd2 Re8 14. Nxe4 dxe4
15. Qxd8 Raxd8 16. Bxe4 Bxe4 17. Rxe4 Rd1+ 18. Re1 Rxe1+ 19. Nxe1 Nc4 20. f4
Bh4 21. Nc2 f6 22. exf6 Re2 23. Nd4 Re1+ 24. Kh2 Bxf6 25. b3 Bxd4 26. cxd4 Ne3
27. Bb2 Re2 28. Bc1 Nxg2 29. Kg3 Ne1 30. Rb1 Rg2+ 31. Kh4 g6 0-1

[Event "LI Torneo B di Capodanno"]
[Site "Reggio nell'Emilia ITA"]
[Date "2008.12.30"]
[Round "4"]
[White "Barillaro, Luca"]
[Black "Corvi, Marco"]
[Result "1/2-1/2"]
[WhiteElo "2202"]
[BlackElo "2343"]
[PlyCount "88"]
[EventDate "2008.12.27"]

1. d4 f5 2. Bg5 Nf6 3. Bxf6 exf6 4. e3 d5 5. c4 Nc6 6. Nc3 Bb4 7. Nh3 Be6 8.
Nf4 Qd7 9. Nxe6 Qxe6 10. cxd5 Qxd5 11. Qb3 Qxb3 12. axb3 f4 13. Bb5 O-O 14. O-O
fxe3 15. fxe3 Ne7 16. Bc4+ Kh8 17. Nb5 Bd6 18. Nxd6 cxd6 19. e4 Nc6 20. Rfd1
Rfe8 21. Bd5 Nb4 22. Bxb7 Rab8 23. Rxa7 Re7 24. Rda1 h6 25. Bd5 Nxd5 26. exd5
Rxa7 27. Rxa7 Rxb3 28. Ra6 Rxb2 29. Rxd6 Rd2 30. Rd7 Kh7 31. h3 h5 32. d6 Kg6
33. Rd8 Rxd4 34. Kf2 Kf5 35. d7 g6 36. Kf3 g5 37. Rh8 Rd3+ 38. Kf2 Rd2+ 39. Ke3
Rxd7 40. Rxh5 Ra7 41. Rh8 Ra3+ 42. Kf2 Kf4 43. Rb8 Ra2+ 44. Kg1 f5 1/2-1/2

[Event "LI Torneo B di Capodanno"]
[Site "Reggio nell'Emilia ITA"]
[Date "2008.12.30"]
[Round "4"]
[White "Cocchi, Andrea"]
[Black "Lucaroni, Massimiliano"]
[Result "1/2-1/2"]
[WhiteElo "2305"]
[BlackElo "2320"]
[PlyCount "24"]
[EventDate "2008.12.27"]

1. Nf3 e6 2. e4 d5 3. exd5 exd5 4. d4 Bd6 5. c4 dxc4 6. Bxc4 Qe7+ 7. Be3 Be6 8.
Bxe6 Qxe6 9. O-O Nf6 10. Re1 O-O 11. Bg5 Qf5 12. Bxf6 Qxf6 1/2-1/2

[Event "LI Torneo B di Capodanno"]
[Site "Reggio nell'Emilia ITA"]
[Date "2008.12.30"]
[Round "4"]
[White "Galyas, Miklos"]
[Black "Pomaro, Alberto"]
[Result "1/2-1/2"]
[WhiteElo "2454"]
[BlackElo "2254"]
[PlyCount "62"]
[EventDate "2008.12.27"]

1. d4 Nf6 2. c4 g6 3. Nc3 Bg7 4. e4 d6 5. Nf3 O-O 6. h3 e5 7. d5 Na6 8. Bg5 h6
9. Be3 Nc5 10. Nd2 a5 11. Be2 Bd7 12. g4 c6 13. h4 a4 14. g5 hxg5 15. hxg5 Nh7
16. Rg1 Qa5 17. Qb1 cxd5 18. Nxd5 Rfe8 19. f3 Bc6 20. Kf2 Ne6 21. Qd3 Qd8 22.
Bb6 Qd7 23. Qe3 Bxd5 24. exd5 Nf4 25. Bf1 Qe7 26. Ne4 Nxg5 27. Rxg5 f5 28. Rg3
fxe4 29. Qxe4 Qf6 30. Rg4 Kf7 31. Be3 g5 1/2-1/2

[Event "LI Torneo B di Capodanno"]
[Site "Reggio nell'Emilia ITA"]
[Date "2008.12.30"]
[Round "4"]
[White "Kovacevic, Blazimir"]
[Black "Thorfinnsson, Bjorn"]
[Result "0-1"]
[WhiteElo "2472"]
[BlackElo "2399"]
[PlyCount "94"]
[EventDate "2008.12.27"]

1. c4 c5 2. Nf3 Nf6 3. Nc3 g6 4. d4 cxd4 5. Nxd4 Bg7 6. e4 d6 7. Be2 O-O 8. O-O
a5 9. Be3 a4 10. f3 Qa5 11. Rb1 Nc6 12. Ndb5 Bd7 13. Qe1 Ne5 14. Na3 Rac8 15.
Nd5 Qd8 16. Nb6 Rc7 17. Qb4 Rc6 18. Nxa4 Ra6 19. Nc3 Nc6 20. Qxb7 Qa5 21. Nd5
Nxd5 22. cxd5 Bc8 23. Qb5 Nd4 24. Qd3 Nxe2+ 25. Qxe2 Ra8 26. Rfd1 f5 27. Bd4
fxe4 28. fxe4 Bh6 29. h3 Rf7 30. Qe1 Qa4 31. Qc3 Ba6 32. Qc6 Be2 33. Qxa4 Rxa4
34. Re1 Bd3 35. Bc3 Bxb1 36. Nxb1 Rxa2 37. Na3 Bg7 38. Bxg7 Kxg7 39. Re2 Rf8
40. Rc2 Ra1+ 41. Kh2 Re1 42. Nb5 Rxe4 43. Nc7 Rf1 44. Ne6+ Kf6 45. Rd2 h5 46.
g3 Ree1 47. Nf4 h4 0-1

[Event "LI Torneo B di Capodanno"]
[Site "Reggio nell'Emilia ITA"]
[Date "2008.12.30"]
[Round "4"]
[White "Rombaldoni, Axel"]
[Black "Gunnarsson, Jon Viktor"]
[Result "0-1"]
[WhiteElo "2334"]
[BlackElo "2430"]
[PlyCount "88"]
[EventDate "2008.12.27"]

1. e4 c5 2. Nf3 d6 3. d4 cxd4 4. Nxd4 Nf6 5. Nc3 a6 6. h3 g6 7. g4 Bg7 8. g5
Nfd7 9. Bg2 Nc6 10. Nde2 O-O 11. f4 Nc5 12. O-O e6 13. Rb1 Qc7 14. b4 Nd7 15.
f5 Re8 16. f6 Bf8 17. h4 Nde5 18. h5 b5 19. Qe1 Bb7 20. Qh4 gxh5 21. Qxh5 Ng6
22. Nd1 Nce5 23. Rb3 Qxc2 24. Rh3 h6 25. Ne3 Qxa2 26. Nd4 Rac8 27. Nef5 exf5
28. Nxf5 Qxg2+ 29. Kxg2 Bxe4+ 30. Kg1 Bxf5 31. Rg3 Be4 32. Bb2 Rc2 33. Bd4 Rec8
34. Re1 Bb7 35. gxh6 Kh7 36. Qf5 R8c7 37. Bb6 Bc8 38. Qe4 R7c4 39. Qa8 Rxb4 40.
Qa7 Be6 41. Qa8 Bxh6 42. Be3 Rg4 43. Rxg4 Bxg4 44. Bxh6 Nf3+ 0-1

[Event "LI Torneo B di Capodanno"]
[Site "Reggio nell'Emilia ITA"]
[Date "2008.12.31"]
[Round "5"]
[White "Corvi, Marco"]
[Black "Kovacevic, Blazimir"]
[Result "0-1"]
[WhiteElo "2343"]
[BlackElo "2472"]
[PlyCount "71"]
[EventDate "2008.12.27"]

1. c4 e5 2. g3 Nc6 3. Bg2 Bc5 4. Nc3 a6 5. e3 d6 6. Nge2 Ba7 7. Rb1 Nge7 8. b4
O-O 9. O-O Bf5 10. d3 Qd7 11. Nd5 Nxd5 12. cxd5 Ne7 13. Qb3 Bh3 14. Bb2 Ng6 15.
Rfc1 Bxg2 16. Kxg2 f5 17. f4 Bxe3 18. fxe5 Nxe5 19. Bxe5 Bxc1 20. Rxc1 dxe5 21.
d6+ Qf7 22. dxc7 Qxb3 23. axb3 Rac8 24. Rc5 b6 25. Rxe5 Rxc7 26. Kf3 Rd7 27. d4
Rf6 28. d5 Kf7 29. Nd4 Re7 30. Ne6 g6 31. Ng5+ Ke8 32. Kf4 h6 33. Ne6 Kd7 34.
h4 Kd6 35. Re3 Kxd5 36. Re5+ 0-1

[Event "LI Torneo B di Capodanno"]
[Site "Reggio nell'Emilia ITA"]
[Date "2008.12.31"]
[Round "5"]
[White "Gunnarsson, Jon Viktor"]
[Black "Barillaro, Luca"]
[Result "1-0"]
[WhiteElo "2430"]
[BlackElo "2202"]
[PlyCount "97"]
[EventDate "2008.12.27"]

1. e4 e6 2. d4 d5 3. Nc3 Nf6 4. e5 Nfd7 5. Nf3 c5 6. dxc5 Bxc5 7. Bd3 Nc6 8.
Bf4 f6 9. exf6 Nxf6 10. Qe2 O-O 11. O-O-O Bd7 12. Ne5 Nxe5 13. Bxe5 Qb6 14. f3
Bd6 15. Rhe1 Rac8 16. Bxd6 Qxd6 17. Qe5 Qxe5 18. Rxe5 g6 19. Ne2 Nh5 20. Nd4
Kf7 21. Rde1 Nf4 22. Bf1 Rfe8 23. g3 Nh5 24. Kd2 a6 25. Bh3 Ng7 26. g4 Rc4 27.
c3 b5 28. Bf1 Rc7 29. Bd3 Rb8 30. a3 a5 31. b4 axb4 32. axb4 Ra7 33. f4 Ra2+
34. Bc2 Kf6 35. Nb3 Rb6 36. Nc5 Bc8 37. Kd3 Rd6 38. R5e2 Rc6 39. Kd4 Ra3 40.
Bd3 Rb6 41. Rf2 Kf7 42. Ree2 Ra8 43. Ra2 Rab8 44. Ra7+ Kg8 45. h3 Ne8 46. Rfa2
Nd6 47. Re7 Nb7 48. Ra7 Nd8 49. Re8# 1-0

[Event "LI Torneo B di Capodanno"]
[Site "Reggio nell'Emilia ITA"]
[Date "2008.12.31"]
[Round "5"]
[White "Lucaroni, Massimiliano"]
[Black "Rombaldoni, Axel"]
[Result "0-1"]
[WhiteElo "2320"]
[BlackElo "2334"]
[PlyCount "69"]
[EventDate "2008.12.27"]

1. e4 c5 2. Nf3 Nc6 3. d4 cxd4 4. Nxd4 Nf6 5. Nc3 e6 6. Be3 Bb4 7. Bd3 d5 8.
Nxc6 bxc6 9. e5 d4 10. exf6 dxe3 11. fxg7 exf2+ 12. Kf1 Rg8 13. Qg4 Rb8 14. Ne4
Be7 15. Rd1 Qd4 16. Qf3 Qxg7 17. Nxf2 Kf8 18. b3 c5 19. Be4 c4 20. g3 f5 21.
Bc6 Qf6 22. Kg2 Kg7 23. Rhe1 e5 24. Bd5 Rd8 25. Qe3 e4 26. Nh3 Qb6 27. Qc1 c3
28. Nf4 Kh8 29. Bf7 Bb7 30. Ng6+ Kg7 31. Nxe7 Kxf7 32. Nxf5 e3+ 33. Kh3 Rd2 34.
Rxd2 cxd2 35. Qb2 0-1

[Event "LI Torneo B di Capodanno"]
[Site "Reggio nell'Emilia ITA"]
[Date "2008.12.31"]
[Round "5"]
[White "Pomaro, Alberto"]
[Black "Cocchi, Andrea"]
[Result "1/2-1/2"]
[WhiteElo "2254"]
[BlackElo "2305"]
[PlyCount "45"]
[EventDate "2008.12.27"]

1. e4 g6 2. d4 Bg7 3. Nc3 d6 4. f4 a6 5. Nf3 b5 6. Bd3 Bb7 7. Be3 Nd7 8. e5 e6
9. O-O Ne7 10. a4 b4 11. Ne2 a5 12. Ng3 O-O 13. c4 bxc3 14. bxc3 Ba6 15. c4 Nb6
16. Qc2 Nc6 17. Be2 Nb4 18. Qb3 d5 19. c5 Bc4 20. Qc3 Bxe2 21. Nxe2 Nc4 22.
Rfc1 Qd7 23. Bf2 1/2-1/2

[Event "LI Torneo B di Capodanno"]
[Site "Reggio nell'Emilia ITA"]
[Date "2008.12.31"]
[Round "5"]
[White "Thorfinnsson, Bjorn"]
[Black "Galyas, Miklos"]
[Result "1/2-1/2"]
[WhiteElo "2399"]
[BlackElo "2454"]
[PlyCount "24"]
[EventDate "2008.12.27"]

1. d4 d5 2. c4 c6 3. cxd5 cxd5 4. Nc3 Nf6 5. Nf3 Nc6 6. Bf4 a6 7. e3 Bg4 8. Rc1
e6 9. Be2 Bxf3 10. Bxf3 Bd6 11. Bg5 O-O 12. O-O Be7 1/2-1/2

[Event "LI Torneo B di Capodanno"]
[Site "Reggio nell'Emilia ITA"]
[Date "2009.01.01"]
[Round "6"]
[White "Barillaro, Luca"]
[Black "Lucaroni, Massimiliano"]
[Result "1/2-1/2"]
[WhiteElo "2202"]
[BlackElo "2320"]
[PlyCount "20"]
[EventDate "2008.12.27"]

1. Nf3 d5 2. d4 e6 3. g3 Nf6 4. Bg2 Be7 5. O-O O-O 6. b3 c5 7. dxc5 Bxc5 8. Bb2
Nc6 9. c4 dxc4 10. Qxd8 Rxd8 1/2-1/2

[Event "LI Torneo B di Capodanno"]
[Site "Reggio nell'Emilia ITA"]
[Date "2009.01.01"]
[Round "6"]
[White "Cocchi, Andrea"]
[Black "Thorfinnsson, Bjorn"]
[Result "0-1"]
[WhiteElo "2305"]
[BlackElo "2399"]
[PlyCount "72"]
[EventDate "2008.12.27"]

1. Nf3 d5 2. e3 Nf6 3. d4 e6 4. Bd3 Be7 5. Nbd2 c5 6. c3 Nc6 7. O-O O-O 8. Ne5
Nxe5 9. dxe5 Nd7 10. f4 f6 11. exf6 Nxf6 12. Nf3 Bd7 13. Qe2 Qb6 14. Kh1 Bd6
15. b3 a5 16. e4 dxe4 17. Bxe4 Nxe4 18. Qxe4 Qc6 19. Qd3 Be8 20. Bd2 Bg6 21.
Qc4 Qd5 22. Qxd5 exd5 23. Ne5 Be4 24. h4 Rf5 25. Kh2 h5 26. g4 hxg4 27. Nxg4
Be7 28. Nf2 Bxh4 29. Nxe4 dxe4 30. c4 a4 31. Kh3 Bf6 32. Rae1 Rh5+ 33. Kg4 Rh4+
34. Kg3 axb3 35. axb3 Ra2 36. Bc3 Rhh2 0-1

[Event "LI Torneo B di Capodanno"]
[Site "Reggio nell'Emilia ITA"]
[Date "2009.01.01"]
[Round "6"]
[White "Corvi, Marco"]
[Black "Gunnarsson, Jon Viktor"]
[Result "0-1"]
[WhiteElo "2343"]
[BlackElo "2430"]
[PlyCount "100"]
[EventDate "2008.12.27"]

1. c4 c5 2. Nc3 Nf6 3. Nf3 g6 4. g3 Nc6 5. Bg2 Bg7 6. O-O O-O 7. d4 cxd4 8.
Nxd4 Nxd4 9. Qxd4 d6 10. Qh4 Qb6 11. Nd5 Nxd5 12. Bxd5 Bf6 13. Bg5 Qxb2 14.
Rab1 Qe5 15. Bxf6 exf6 16. e3 Rb8 17. Rfd1 Qe7 18. Qh6 Rd8 19. Rd4 Qf8 20. Qf4
Kg7 21. Bg2 g5 22. Qf3 b6 23. h4 h6 24. Rb5 Bb7 25. Qh5 Qe7 26. Rg4 d5 27. Bxd5
Bxd5 28. Rxd5 Rxd5 29. cxd5 Qa3 30. Rd4 Qxa2 31. d6 b5 32. d7 Rd8 33. Qd1 Qe6
34. Rd6 Qe7 35. Qd4 Qe5 36. hxg5 hxg5 37. Qd2 Qe4 38. Rd4 Qf3 39. Qd1 Qxd1+ 40.
Rxd1 Kf8 41. Rb1 a6 42. Ra1 Rxd7 43. Rxa6 Rb7 44. Rxf6 b4 45. Rc6 b3 46. Rc1 b2
47. Rb1 Ke7 48. Kf1 Ke6 49. Ke2 Kd5 50. Kd3 g4 0-1

[Event "LI Torneo B di Capodanno"]
[Site "Reggio nell'Emilia ITA"]
[Date "2009.01.01"]
[Round "6"]
[White "Kovacevic, Blazimir"]
[Black "Galyas, Miklos"]
[Result "1/2-1/2"]
[WhiteElo "2472"]
[BlackElo "2454"]
[PlyCount "132"]
[EventDate "2008.12.27"]

1. d4 d5 2. c4 c6 3. e3 Bf5 4. cxd5 cxd5 5. Qb3 Qc7 6. Bb5+ Nd7 7. Bd2 e6 8.
Nf3 Ngf6 9. O-O a6 10. Rc1 Qb6 11. Be2 Qxb3 12. axb3 Bd6 13. b4 Ke7 14. Bc3
Bxb1 15. Rcxb1 Ne4 16. Nd2 Nxd2 17. Bxd2 Rac8 18. Rc1 Nb8 19. b5 axb5 20. Bxb5
Nc6 21. Bxc6 Rxc6 22. Rxc6 bxc6 23. Ra7+ Kf6 24. Rd7 Ra8 25. g4 Bf8 26. h4 h6
27. Kg2 Rb8 28. Ba5 Rxb2 29. Bd8+ Kg6 30. h5+ Kh7 31. Rxf7 Kg8 32. Rc7 Rc2 33.
Be7 Bxe7 34. Rxe7 c5 35. dxc5 Rxc5 36. Rxe6 Rc4 37. Kf3 Kf7 38. Rd6 Rc5 39.
Rd7+ Kf6 40. Kg3 Ra5 41. Kh4 Ra2 42. Kg3 Ra5 43. Rb7 Rc5 44. Rb6+ Ke5 45. f4+
Ke4 46. Re6+ Kd3 47. Re7 Rc3 48. Rxg7 Kxe3 49. Re7+ Kd4+ 50. Kh4 Rf3 51. Re6
Rxf4 52. Rxh6 Ke3 53. Ra6 d4 54. h6 d3 55. h7 d2 56. Ra1 Ra4 57. Rh1 Ra8 58.
Kh5 Rc8 59. Rd1 Rc1 60. Rxd2 Kxd2 61. g5 Rh1+ 62. Kg6 Ke3 63. Kg7 Kf4 64. g6
Kf5 65. Kf7 Rh2 66. Kg7 Rh1 1/2-1/2

[Event "LI Torneo B di Capodanno"]
[Site "Reggio nell'Emilia ITA"]
[Date "2009.01.01"]
[Round "6"]
[White "Rombaldoni, Axel"]
[Black "Pomaro, Alberto"]
[Result "0-1"]
[WhiteElo "2334"]
[BlackElo "2254"]
[PlyCount "58"]
[EventDate "2008.12.27"]

1. e4 c5 2. Nf3 d6 3. d4 cxd4 4. Nxd4 Nf6 5. Nc3 a6 6. Be3 Ng4 7. Bc1 Nf6 8. h3
e6 9. g4 d5 10. exd5 Nxd5 11. Bd2 Nc6 12. Nxc6 bxc6 13. Bg2 Be7 14. Ne4 Qc7 15.
Qf3 O-O 16. c4 f5 17. Ng5 Qe5+ 18. Qe2 Qxb2 19. Rc1 Bb4 20. Kd1 Nf4 21. Bxf4
Rd8+ 22. Bd5 Qd4+ 23. Kc2 cxd5 24. Nxe6 Bxe6 25. Qxe6+ Kh8 26. Qe5 Qxf2+ 27.
Kb1 Bd6 28. Qxd6 Rxd6 29. Bxd6 Qb6+ 0-1

[Event "LI Torneo B di Capodanno"]
[Site "Reggio nell'Emilia ITA"]
[Date "2009.01.02"]
[Round "7"]
[White "Galyas, Miklos"]
[Black "Cocchi, Andrea"]
[Result "1/2-1/2"]
[WhiteElo "2454"]
[BlackElo "2305"]
[PlyCount "191"]
[EventDate "2008.12.27"]

1. d4 c6 2. c4 d5 3. Nf3 Nf6 4. e3 Bf5 5. Nc3 e6 6. Nh4 Bg6 7. Nxg6 hxg6 8. Rb1
Nbd7 9. c5 e5 10. b4 Be7 11. Be2 Qc7 12. g3 Nf8 13. f4 exd4 14. exd4 Qd7 15. b5
Ne6 16. bxc6 bxc6 17. Be3 O-O 18. O-O Bxc5 19. dxc5 d4 20. Bf2 dxc3 21. Qxd7
Nxd7 22. Rfc1 Ndxc5 23. Rxc3 Ne4 24. Rxc6 Nxf2 25. Kxf2 Rfc8 26. Rbc1 Rxc6 27.
Rxc6 g5 28. fxg5 Nxg5 29. Bc4 Rb8 30. Bb3 Rb7 31. Rc8+ Kh7 32. Re8 f5 33. Ke3
Kg6 34. h4 Ne4 35. Re6+ Nf6 36. Ra6 Re7+ 37. Kf4 Re4+ 38. Kf3 Re7 39. Ra5 Ng4
40. Bc2 Re5 41. Rxa7 Rc5 42. Ra6+ Kh5 43. Bb3 Rc7 44. Ra8 Kg6 45. Ra5 Rc6 46.
Rb5 Nf6 47. Re5 Rc1 48. Be6 Rc3+ 49. Re3 Rc2 50. Bb3 Rd2 51. Re6 Kh5 52. Re2
Rd3+ 53. Kf4 Kg6 54. Bc2 Nh5+ 55. Ke5 Rxg3 56. Bxf5+ Kh6 57. a4 Ra3 58. Bd7 Nf6
59. Bb5 Rh3 60. Kd6 Ra3 61. Kc5 Kh5 62. Rg2 Ne4+ 63. Kb4 Ra1 64. Be2+ Kh6 65.
Bd3 Rxa4+ 66. Kxa4 Nc5+ 67. Kb5 Nxd3 68. Kc4 Nf4 69. Rh2 Kh5 70. Kd4 Ng6 71.
Ke4 Nxh4 72. Kf4 g5+ 73. Kg3 Kg6 74. Ra2 Nf5+ 75. Kf3 Kh5 76. Ra5 Nh4+ 77. Kg3
Ng6 78. Ra8 Ne5 79. Re8 Nf7 80. Re6 Nh6 81. Kf3 Nf5 82. Ke4 Nh4 83. Ra6 Kg4 84.
Ra1 Nf3 85. Ra4 Nh4 86. Ke5+ Kh5 87. Kf6 Nf3 88. Ra3 Nh4 89. Rg3 g4 90. Rg1 Nf3
91. Rh1+ Nh4 92. Ke5 Kg5 93. Ra1 g3 94. Ke4 Kg4 95. Rg1 g2 96. Rxg2+ 1/2-1/2

[Event "LI Torneo B di Capodanno"]
[Site "Reggio nell'Emilia ITA"]
[Date "2009.01.02"]
[Round "7"]
[White "Gunnarsson, Jon Viktor"]
[Black "Kovacevic, Blazimir"]
[Result "1/2-1/2"]
[WhiteElo "2430"]
[BlackElo "2472"]
[PlyCount "23"]
[EventDate "2008.12.27"]

1. e4 e6 2. Nf3 d5 3. Nc3 Nf6 4. e5 Nfd7 5. d4 c5 6. dxc5 Nc6 7. Bf4 Be7 8. Qd2
Nxc5 9. O-O-O Bd7 10. h4 a6 11. Qe3 Qa5 12. Kb1 1/2-1/2

[Event "LI Torneo B di Capodanno"]
[Site "Reggio nell'Emilia ITA"]
[Date "2009.01.02"]
[Round "7"]
[White "Lucaroni, Massimiliano"]
[Black "Corvi, Marco"]
[Result "1/2-1/2"]
[WhiteElo "2320"]
[BlackElo "2343"]
[PlyCount "26"]
[EventDate "2008.12.27"]

1. e4 Nf6 2. e5 Nd5 3. c4 Nb6 4. c5 Nd5 5. Nc3 e6 6. Nxd5 exd5 7. d4 d6 8. cxd6
cxd6 9. Nf3 Nc6 10. Be2 dxe5 11. dxe5 Bb4+ 12. Bd2 Qa5 13. O-O Be6 1/2-1/2

[Event "LI Torneo B di Capodanno"]
[Site "Reggio nell'Emilia ITA"]
[Date "2009.01.02"]
[Round "7"]
[White "Pomaro, Alberto"]
[Black "Barillaro, Luca"]
[Result "1-0"]
[WhiteElo "2254"]
[BlackElo "2202"]
[PlyCount "93"]
[EventDate "2008.12.27"]

1. e4 c5 2. Nf3 a6 3. Nc3 Nc6 4. d4 cxd4 5. Nxd4 e5 6. Nf5 d6 7. Ne3 Nf6 8. g3
Be7 9. Bg2 O-O 10. O-O Be6 11. Ncd5 Rc8 12. c3 b5 13. a4 b4 14. Nxb4 Nxb4 15.
cxb4 Qb6 16. Bd2 Bc4 17. Re1 g6 18. Nd5 Bxd5 19. exd5 Rc4 20. Rc1 Rfc8 21. Rxc4
Rxc4 22. Bc3 h5 23. Qe2 Rc8 24. Rd1 Nd7 25. Bf1 Ra8 26. Qc4 Nf6 27. Qc6 Qa7 28.
Qc4 Ng4 29. Be1 Nh6 30. Bd3 f5 31. Be2 h4 32. Bd2 f4 33. gxf4 Nf5 34. fxe5 Rf8
35. e6 h3 36. Qg4 Kg7 37. Bg5 Bxg5 38. Qxg5 Rf6 39. Qg4 Qb6 40. a5 Qc7 41. Bd3
Ne7 42. Qd4 Qb7 43. Be4 Qb5 44. Rd3 Qa4 45. Ra3 Qb5 46. Rf3 Ng8 47. Qa7+ 1-0